[Event "Solingen"]
[Site "IX. Karnevals-Open"]
[Date "2018.02.10"]
[Round "2.18"]
[White "Pinto, Antonio"]
[Black "Poschadel, Andreas Gregor"]
[Result "1-0"]
[WhiteElo "1944"]
[BlackElo "1691"]
[PlyCount "219"]
[EventDate "2018.??.??"]
[WhiteTeam "Italien"]
[BlackTeam "Hamelner SV"]
[WhiteTeamCountry "ITA"]

1. d4 d5 2. c4 c6 3. Nf3 Nf6 4. Nc3 e6 5. e3 b6 6. Bd3 Bb7 7. O-O Bd6 8. e4
dxe4 9. Nxe4 Nxe4 10. Bxe4 O-O 11. Re1 Nd7 12. b3 Nf6 13. Bc2 Qc7 14. Bb2 Be7
15. Qd3 g6 16. Rad1 Rad8 17. Qe3 Ng4 18. Qe4 Nf6 19. Qh4 Nh5 20. Qh3 Ng7 21.
Qh6 Bf6 22. Ng5 Bxg5 23. Qxg5 Nh5 24. Re4 f6 25. Qe3 Ng7 26. Qh3 Bc8 27. Qc3
Rfe8 28. Qf3 Rf8 29. Rf4 Nh5 30. Rh4 Ng7 31. Re4 Nf5 32. Re2 Nh4 33. Qg4 Nf5
34. Bxf5 exf5 35. Qh4 Qf7 36. Red2 Be6 37. Qg3 Rd7 38. Qf3 Rc7 39. d5 cxd5 40.
cxd5 Bc8 41. d6 Rd7 42. Qf4 Re8 43. h3 Re4 44. Qf3 Bb7 45. Qc3 Kg7 46. f3 Re5
47. Qc4 Rc5 48. Qf4 Qe6 49. Ba3 Re5 50. Bb2 Rc5 51. g4 Kg8 52. Kf2 g5 53. Qd4
Re5 54. Qc4 Qxc4 55. bxc4 Rc5 56. Bxf6 fxg4 57. hxg4 Kf7 58. Be7 h6 59. Rh1 Kg7
60. Rd4 Ba6 61. Rc1 b5 62. Rd5 Rxc4 63. Rxc4 bxc4 64. Ra5 Bc8 65. Ra4 c3 66.
Rc4 Ba6 67. Rxc3 Bb5 68. Ke3 a6 69. Kd4 Kf7 70. Rc8 Kg7 71. Kc5 Kf7 72. Kd5 Be2
73. Ke5 Bd3 74. Rf8+ Kg7 75. Ke6 Bb5 76. Rc8 Rb7 77. Rc7 Rb6 78. Bf6+ Kg8 79.
Ke7 Rc6 80. Rxc6 Bxc6 81. d7 Bxd7 82. Kxd7 Kf7 83. Bd4 a5 84. Kd6 a4 85. Kc5 a3
86. Kb4 Kg6 87. Kxa3 h5 88. Kb4 h4 89. Be5 Kf7 90. a4 Ke6 91. Bh2 Kd7 92. Kc5
Kc8 93. Kd5 h3 94. Ke5 Kb7 95. Kf5 Ka6 96. Kxg5 Ka5 97. f4 Kxa4 98. f5 Kb5 99.
f6 Kc6 100. f7 Kd7 101. f8=Q Kc6 102. Qb4 Kd7 103. Qc5 Ke6 104. Qd6+ Kf7 105.
Be5 h2 106. Bxh2 Kg7 107. Qf6+ Kg8 108. Qe7 Kh8 109. Kg6 Kg8 110. Qe8# 1-0

[Event "Solingen"]
[Site "IX. Karnevals-Open"]
[Date "2018.02.10"]
[Round "2.19"]
[White "Bünte, Kirsten"]
[Black "Vranidis, Georgios"]
[Result "0-1"]
[WhiteElo "1433"]
[BlackElo "1941"]
[PlyCount "84"]
[EventDate "2018.??.??"]
[WhiteTeam "Rhedaer SV"]
[BlackTeam "SC Solingen 28"]

1. d4 Nf6 2. c4 c5 3. e3 cxd4 4. exd4 d5 5. Nc3 g6 6. Bf4 a6 7. Nf3 Bg7 8. Ne5
O-O 9. Be2 dxc4 10. Bxc4 e6 11. a4 Nh5 12. Bg3 Nxg3 13. hxg3 Qc7 14. Qe2 Nd7
15. f4 Nb6 16. Bb3 Bd7 17. Ne4 Nd5 18. Qd2 Bc6 19. Rc1 Rad8 20. Kf2 Qb6 21. Nc5
Qb4 22. Rhd1 Qxd2+ 23. Rxd2 Bxe5 24. dxe5 Nb4 25. Rcd1 Rxd2+ 26. Rxd2 Nd5 27.
Ne4 Kg7 28. Nd6 h6 29. Rd4 h5 30. Bc2 f6 31. exf6+ Rxf6 32. Ne4 Rf8 33. Ng5 Rf6
34. Nf3 Rf8 35. Ke2 Kf6 36. Ne5 g5 37. Kd3 gxf4 38. gxf4 Rg8 39. b4 Nxf4+ 40.
Rxf4+ Kxe5 41. Rh4 Rg3+ 42. Kc4 Bd5+ 0-1

[Event "Solingen"]
[Site "IX. Karnevals-Open"]
[Date "2018.02.10"]
[Round "2.20"]
[White "Arakelian, Aik"]
[Black "Zamhöfer, Luca"]
[Result "1-0"]
[WhiteElo "1924"]
[BlackElo "1395"]
[PlyCount "97"]
[EventDate "2018.??.??"]
[WhiteTeam "SG Ennepe-Ruhr-Süd"]
[BlackTeam "SF Essen-Katernberg"]

1. e4 c5 2. Nf3 d6 3. Bb5+ Bd7 4. Bxd7+ Nxd7 5. c3 Ngf6 6. Qe2 Qc7 7. O-O e5 8.
d4 Be7 9. d5 c4 10. Nbd2 Rc8 11. a4 a5 12. Re1 O-O 13. Ra3 h6 14. g3 Rfe8 15.
Kh1 Bf8 16. Nh4 g6 17. Ng2 Nc5 18. f3 Nd3 19. Rf1 Qc5 20. Ne3 b5 21. axb5 Qxb5
22. Ndxc4 Rxc4 23. Nxc4 Qxc4 24. Rd1 Nxe4 25. fxe4 Qxe4+ 26. Qxe4 Nf2+ 27. Kg2
Nxe4 28. Rxa5 Rc8 29. Be3 Rb8 30. Ra2 f5 31. Rda1 g5 32. Kf3 Rb5 33. c4 Rb3 34.
Ke2 f4 35. Bf2 f3+ 36. Ke1 g4 37. Rc1 h5 38. Rc2 Bh6 39. Ra3 Rb7 40. Be3 h4 41.
Bxh6 hxg3 42. hxg3 Rf7 43. Ra8+ Kh7 44. Be3 Nxg3 45. Ra7 Rxa7 46. Bxa7 Ne4 47.
b4 g3 48. b5 g2 49. Bg1 1-0

[Event "Solingen"]
[Site "IX. Karnevals-Open"]
[Date "2018.02.10"]
[Round "2.21"]
[White "Scheffner, Jarno"]
[Black "Marchenko, Dimitrij"]
[Result "1-0"]
[WhiteElo "1800"]
[BlackElo "1618"]
[PlyCount "47"]
[EventDate "2018.??.??"]
[WhiteTeam "SK Nordhorn-Blanke"]
[BlackTeam "SK Königsspringer Iserlohn"]

1. e4 e6 2. d4 d5 3. Nd2 c5 4. exd5 exd5 5. Ngf3 Nf6 6. Be2 Nc6 7. O-O Be7 8.
dxc5 O-O 9. Nb3 Ne4 10. Be3 f5 11. c4 f4 12. Bd4 Be6 13. Rc1 g5 14. cxd5 Bxd5
15. Ne5 Nxd4 16. Qxd4 Bxb3 17. Qxe4 Bd5 18. Bc4 Bxc4 19. Qxc4+ Kg7 20. c6 Rc8
21. Qe6 Rf6 22. Qg4 bxc6 23. Qxg5+ Kh8 24. Qxf6+ 1-0

[Event "Solingen"]
[Site "IX. Karnevals-Open"]
[Date "2018.02.10"]
[Round "2.22"]
[White "Tanz, Manfred"]
[Black "Rohfleisch, Daniel"]
[Result "0-1"]
[WhiteElo "1627"]
[BlackElo "1820"]
[PlyCount "70"]
[EventDate "2018.??.??"]
[WhiteTeam "vereinslos"]
[BlackTeam "OSC Rheinhausen"]

1. d4 Nf6 2. Nf3 e6 3. e3 b6 4. Be2 Bb7 5. O-O d5 6. a3 Nbd7 7. b4 Bd6 8. Bb2
O-O 9. Nbd2 Qe7 10. c4 c5 11. b5 a6 12. a4 axb5 13. cxb5 c4 14. Ne5 Rfc8 15.
Ndf3 Ne4 16. Qc1 Bb4 17. Nxd7 Qxd7 18. Qc2 Qe7 19. Rfd1 Rc7 20. Qc1 c3 21. Ba3
c2 22. Bxb4 cxd1=Q+ 23. Qxd1 Qxb4 24. Ne5 Nc3 25. Qd2 Nxe2+ 26. Qxe2 Rxa4 27.
Rf1 Qc3 28. Qd1 Ra2 29. h3 Qb2 30. Qg4 Qxb5 31. Re1 Qa5 32. Nd3 Ba6 33. Qg3
Bxd3 34. Qxc7 Qxe1+ 35. Kh2 h6 0-1

[Event "Solingen"]
[Site "IX. Karnevals-Open"]
[Date "2018.02.10"]
[Round "2.23"]
[White "Grunwald, Günther"]
[Black "Bigott, Martin"]
[Result "1-0"]
[WhiteElo "1609"]
[BlackElo "1793"]
[PlyCount "103"]
[EventDate "2018.??.??"]
[WhiteTeam "SW Oberhausen"]
[BlackTeam "SF Lohmar"]

1. e4 Nf6 2. e5 Nd5 3. d4 d6 4. Nf3 g6 5. Be2 Bg7 6. O-O O-O 7. c4 Nb6 8. Nc3
a5 9. c5 N6d7 10. exd6 exd6 11. cxd6 cxd6 12. Be3 Nc6 13. Qd2 Re8 14. a3 Nf8
15. Bb5 d5 16. Rfe1 Ne6 17. Ba4 Nc7 18. Rac1 Rb8 19. Nb5 Bg4 20. Nxc7 Qxc7 21.
Bf4 Qd7 22. Bxb8 Rxb8 23. Bxc6 bxc6 24. Ne5 Bxe5 25. Rxe5 Qb7 26. f3 Be6 27.
Re2 a4 28. Qc2 Qb5 29. Rd2 Bd7 30. Qc5 Qb3 31. Qd6 Qe3+ 32. Kh1 Qe8 33. Qg3 Rb3
34. Re1 Be6 35. Qf2 Qb8 36. Qe2 Qb6 37. Rc1 Rb5 38. Qf2 Rb3 39. Rdc2 Bd7 40. h3
Qb8 41. Qd2 Qb5 42. Rc5 Rxb2 43. Qg5 Qb8 44. f4 Rb3 45. R5c3 Rb2 46. h4 h5 47.
Rg3 Kh7 48. Re1 Be6 49. Re5 Rf2 50. Qxh5+ Kg7 51. Qg5 Qh8 52. Rxe6 1-0

[Event "Solingen"]
[Site "IX. Karnevals-Open"]
[Date "2018.02.10"]
[Round "2.24"]
[White "Ostra, Noah"]
[Black "Holdsch, Peter-Michael"]
[Result "1/2-1/2"]
[WhiteElo "1793"]
[BlackElo "1628"]
[PlyCount "80"]
[EventDate "2018.??.??"]
[WhiteTeam "SG Ennepe-Ruhr-Süd"]
[BlackTeam "SW Oberhausen"]

1. e4 e5 2. Nf3 Nc6 3. Bb5 d6 4. d4 exd4 5. Nxd4 Bd7 6. O-O Nf6 7. Nc3 Be7 8.
f4 O-O 9. Nxc6 Bxc6 10. Bxc6 bxc6 11. Be3 Nd7 12. Kh1 Re8 13. Qd3 Bf6 14. Bd4
Rb8 15. b3 Bxd4 16. Qxd4 Qf6 17. Qc4 Nc5 18. Rae1 Qe6 19. Qd4 a5 20. a3 Nxb3
21. cxb3 Rxb3 22. f5 Qe5 23. Qxe5 dxe5 24. Ne2 Rd8 25. Rd1 Rbd3 26. Nc3 Kf8 27.
Kg1 Ke7 28. Rxd3 Rxd3 29. Rc1 Kd6 30. Kf1 Rd2 31. Ne2 Rd3 32. Rc3 Rxc3 33. Nxc3
Kc5 34. Ke2 Kc4 35. Kd2 Kb3 36. a4 c5 37. g3 c6 38. g4 Kc4 39. Kc2 f6 40. Ne2
Kb4 1/2-1/2

[Event "Solingen"]
[Site "IX. Karnevals-Open"]
[Date "2018.02.10"]
[Round "2.25"]
[White "Wilde, Justin"]
[Black "Ehringfeld, Michael"]
[Result "1-0"]
[WhiteElo "1762"]
[BlackElo "1624"]
[PlyCount "70"]
[EventDate "2018.??.??"]
[WhiteTeam "SG Kaarst"]
[BlackTeam "SG Solingen"]

1. d4 d5 2. c4 c6 3. Nf3 Nf6 4. Nc3 e6 5. Bg5 Bb4 6. a3 Bxc3+ 7. bxc3 dxc4 8.
e3 Nbd7 9. Bxc4 b5 10. Bd3 Qa5 11. Qb3 h6 12. Bh4 O-O 13. O-O Nd5 14. Rac1 Ba6
15. Rfe1 c5 16. Bb1 b4 17. cxb4 cxb4 18. axb4 Nxb4 19. Be7 Rfb8 20. Bd6 Rb5 21.
Bc7 Nb6 22. Ne5 N4d5 23. Qd3 f5 24. Qd1 Nxc7 25. Rxc7 Na4 26. Rc1 Nc3 27. Qh5
Rf8 28. Qg6 Rxe5 29. dxe5 Ne2+ 30. Rxe2 Bxe2 31. Qxe6+ Kh8 32. Bxf5 Qd2 33. Rb1
Rd8 34. h3 Qc3 35. Qg6 Bc4 1-0

[Event "Solingen"]
[Site "IX. Karnevals-Open"]
[Date "2018.02.10"]
[Round "2.26"]
[White "Herrmann, Markus"]
[Black "Bießner, Eberhard"]
[Result "0-1"]
[WhiteElo "1774"]
[BlackElo "1756"]
[PlyCount "92"]
[EventDate "2018.??.??"]
[WhiteTeam "Digo Help Geilenkichen"]
[BlackTeam "Rheydter SV"]

1. d4 Nf6 2. Bg5 e6 3. e4 Be7 4. Bd3 b6 5. Nf3 Bb7 6. Nbd2 d6 7. c4 h6 8. Bh4
Nbd7 9. Qe2 e5 10. O-O O-O 11. dxe5 Nxe5 12. Nxe5 dxe5 13. Nf3 Nd7 14. Bg3 Bf6
15. Rfd1 Qe7 16. Bc2 Rfd8 17. Rd2 Nf8 18. Rad1 Rxd2 19. Qxd2 Bc6 20. Qc3 Ng6
21. a3 a5 22. b4 axb4 23. axb4 Nf4 24. Bxf4 exf4 25. e5 Bg5 26. Qd3 g6 27. Nd4
Bd7 28. e6 Bxe6 29. Nc6 Qf6 30. Bb3 Ra3 31. Nd4 Bc8 32. Nc2 Bf5 33. Qd8+ Qxd8
34. Rxd8+ Bxd8 35. Nxa3 Be7 36. Nb5 Bd6 37. Nd4 Bd3 38. b5 Kf8 39. Nf3 Ke7 40.
Ne1 Be2 41. Nc2 Bc5 42. Ne1 Kd6 43. Nf3 g5 44. h3 f5 45. Ba2 g4 46. hxg4 fxg4
0-1

[Event "Solingen"]
[Site "IX. Karnevals-Open"]
[Date "2018.02.10"]
[Round "2.27"]
[White "Meckel, Helmut"]
[Black "Rades, Andreas"]
[Result "1-0"]
[WhiteElo "1751"]
[BlackElo "1514"]
[PlyCount "79"]
[EventDate "2018.??.??"]
[WhiteTeam "SG Solingen"]
[BlackTeam "MTV Langenberg"]

1. e4 c6 2. c4 d5 3. cxd5 cxd5 4. exd5 Nf6 5. Nc3 Nxd5 6. Bc4 e6 7. Qf3 Nb4 8.
Qe4 Be7 9. a3 N4c6 10. Nf3 O-O 11. d4 Bf6 12. Bd3 g6 13. Ne2 Nd7 14. g4 Qa5+
15. Bd2 Qd5 16. g5 Bg7 17. h4 f5 18. Qxd5 exd5 19. h5 Re8 20. O-O-O Nf8 21. Nf4
Be6 22. hxg6 hxg6 23. Bc3 Bf7 24. Bc2 Rad8 25. Bb3 Re4 26. Nd3 Bxd4 27. Nxd4
Nxd4 28. Kb1 Nfe6 29. Nc5 Nxc5 30. Rxd4 Nxb3 31. Rxe4 d4 32. Reh4 Kf8 33. Rd1
Bd5 34. Kc2 dxc3 35. Rh8+ Ke7 36. Rxd8 Na1+ 37. Rxa1 Be4+ 38. Rd3 cxb2 39. Re1
Kf7 40. Rxe4 1-0

[Event "Solingen"]
[Site "IX. Karnevals-Open"]
[Date "2018.02.10"]
[Round "2.28"]
[White "Bünte, Dr. Andreas"]
[Black "Jahrke, Jonas"]
[Result "1/2-1/2"]
[WhiteElo "1561"]
[BlackElo "1744"]
[PlyCount "77"]
[EventDate "2018.??.??"]
[WhiteTeam "Rhedaer SV"]
[BlackTeam "SF Essen-Katernberg"]

1. e4 c5 2. Nf3 d6 3. g3 Nf6 4. d3 Nc6 5. c3 g6 6. Bg2 Bg7 7. O-O O-O 8. Nbd2
a6 9. Re1 e5 10. Nf1 Nh5 11. Ne3 Be6 12. h3 Rc8 13. Nd5 Bxd5 14. exd5 Ne7 15.
c4 f5 16. Bd2 h6 17. Rb1 f4 18. g4 Nf6 19. b4 b6 20. Qc2 Qd7 21. bxc5 bxc5 22.
Rb6 Rb8 23. Reb1 Rxb6 24. Rxb6 g5 25. Rxa6 Rb8 26. Ra3 h5 27. Nxg5 hxg4 28. Ne6
f3 29. Bf1 Nexd5 30. cxd5 Nxd5 31. Nxg7 Qxg7 32. h4 Nf4 33. Bxf4 exf4 34. Qc4+
Kh8 35. Qxf4 g3 36. Qxg3 Qb2 37. Qxf3 Rg8+ 38. Kh1 Qxa3 39. Qf6+ 1/2-1/2

[Event "Solingen"]
[Site "IX. Karnevals-Open"]
[Date "2018.02.10"]
[Round "2.29"]
[White "Diegel, Jonas"]
[Black "Egel, Jonas"]
[Result "1-0"]
[WhiteElo "1729"]
[BlackElo "1796"]
[PlyCount "51"]
[EventDate "2018.??.??"]
[WhiteTeam "SG Ennepe-Ruhr-Süd"]
[BlackTeam "SC Solingen 28"]

1. d4 Nf6 2. c4 e6 3. Nf3 b6 4. Bg5 Bb7 5. Nc3 d5 6. e3 Be7 7. Rc1 Nbd7 8. a3
c5 9. Be2 O-O 10. O-O a6 11. cxd5 exd5 12. Nh4 h6 13. Bxf6 Nxf6 14. Nf5 Re8 15.
Nxe7+ Qxe7 16. Na4 Nd7 17. Bg4 Rab8 18. Bxd7 Qxd7 19. Nxb6 Qb5 20. dxc5 Qxb2
21. Rb1 Qxa3 22. Nd7 d4 23. Nxb8 dxe3 24. Qe2 Rxb8 25. c6 exf2+ 26. Qxf2 1-0

[Event "Solingen"]
[Site "IX. Karnevals-Open"]
[Date "2018.02.10"]
[Round "2.30"]
[White "Signorile, Paolo"]
[Black "Westendorp, Christian"]
[Result "0-1"]
[WhiteElo "1388"]
[BlackElo "1728"]
[PlyCount "48"]
[EventDate "2018.??.??"]
[WhiteTeam "TSV Hagen"]
[BlackTeam "SV Turm Kamp-Lintfort"]

1. Nf3 Nf6 2. b3 g6 3. Bb2 Bg7 4. c4 O-O 5. Nc3 c5 6. d4 Qa5 7. e3 Nc6 8. a3 d5
9. dxc5 Ne4 10. b4 Nxb4 11. Nd4 Nc6 12. Rc1 Rd8 13. Nxc6 bxc6 14. Qc2 Nxc5 15.
Bd3 Nxd3+ 16. Qxd3 Ba6 17. f3 Bxc4 18. Qc2 Qb6 19. Kf2 Bh6 20. Rhe1 Bb3 21. Qe2
d4 22. Nd1 Bxd1 23. Rcxd1 dxe3+ 24. Kg3 Rd2 0-1

[Event "Solingen"]
[Site "IX. Karnevals-Open"]
[Date "2018.02.10"]
[Round "2.31"]
[White "Hallmann, Michelle"]
[Black "Illner, Jan"]
[Result "1/2-1/2"]
[WhiteElo "1725"]
[BlackElo "1462"]
[PlyCount "62"]
[EventDate "2018.??.??"]
[WhiteTeam "SG Freibauer Lübbecke"]
[BlackTeam "SG Bochum"]

1. e4 c5 2. c3 d5 3. exd5 Qxd5 4. d4 cxd4 5. cxd4 Nc6 6. Nf3 g6 7. Nc3 Qd8 8.
Bc4 e6 9. O-O Bg7 10. Be3 Nge7 11. Qd2 Nf5 12. Rfd1 O-O 13. Ne2 Nce7 14. Rac1
b6 15. Bb5 Bb7 16. Ne5 Bxe5 17. dxe5 Qxd2 18. Bxd2 Nd5 19. Bg5 h6 20. Bf6 Rac8
21. Bd7 Rxc1 22. Rxc1 Nxf6 23. exf6 Rd8 24. Rc7 Bc6 25. Rxc6 Rxd7 26. g4 Nd4
27. Nxd4 Rxd4 28. h3 g5 29. Rc1 Kh7 30. Rc7 Kg6 31. Rxa7 Kxf6 1/2-1/2

[Event "Solingen"]
[Site "IX. Karnevals-Open"]
[Date "2018.02.10"]
[Round "2.32"]
[White "Nalliboyana, Sivaram"]
[Black "Bashylina, Luisa"]
[Result "1/2-1/2"]
[WhiteElo "1138"]
[BlackElo "1721"]
[PlyCount "98"]
[EventDate "2018.??.??"]
[WhiteTeam "SV Eichlinghofen"]
[BlackTeam "SG Solingen"]

1. Nf3 d6 2. d4 Nf6 3. c4 g6 4. g3 Bg7 5. Bg2 O-O 6. O-O Nfd7 7. Nbd2 e5 8. e3
Nc6 9. d5 Ne7 10. b3 a5 11. Bb2 f5 12. Ng5 Nc5 13. Qc2 h6 14. Ngf3 g5 15. h3
Ng6 16. Ne1 Qe8 17. Nd3 Nxd3 18. Qxd3 e4 19. Qc2 Ne5 20. Kh1 Qh5 21. Qd1 Qg6
22. Rb1 Bd7 23. Qe2 Rae8 24. Rfd1 h5 25. Rf1 Nd3 26. Bxg7 Kxg7 27. f3 Nc5 28.
fxe4 Nxe4 29. Nxe4 fxe4 30. Qc2 Bf5 31. Qc3+ Qf6 32. Qxa5 Qe7 33. Qc3+ Kg8 34.
Rf2 Rf7 35. Rbf1 Ref8 36. Qd4 Bxh3 37. Rxf7 Bxg2+ 38. Kxg2 Rxf7 39. Rxf7 Kxf7
40. Qh8 Kg6 41. Qg8+ Qg7 42. Qxg7+ Kxg7 43. a4 Kf7 44. b4 Ke7 45. a5 Kd7 46. b5
Kc8 47. Kh3 Kb8 48. Kg2 Ka7 49. Kh3 Kb8 1/2-1/2

[Event "Solingen"]
[Site "IX. Karnevals-Open"]
[Date "2018.02.10"]
[Round "2.33"]
[White "Hufnagel, Markus"]
[Black "Mukovskiy, Peter"]
[Result "0-1"]
[WhiteElo "1693"]
[BlackElo "1292"]
[PlyCount "100"]
[EventDate "2018.??.??"]
[WhiteTeam "SW Oberhausen"]
[BlackTeam "Düsseldorfer SK"]

1. c4 c5 2. Nc3 g6 3. g3 Bg7 4. Bg2 e6 5. e4 Ne7 6. Nge2 O-O 7. O-O Nbc6 8. d3
a6 9. Be3 b6 10. Qd2 Bb7 11. Rab1 d6 12. a3 Ne5 13. f4 Ng4 14. Kh1 Nxe3 15.
Qxe3 d5 16. cxd5 exd5 17. d4 cxd4 18. Nxd4 dxe4 19. Rbd1 Bxd4 20. Rxd4 Nf5 21.
Rxd8 Nxe3 22. Rxf8+ Rxf8 23. Re1 Nxg2 24. Kxg2 f5 25. Kf2 Rd8 26. Na4 b5 27.
Nc5 Bc8 28. Ke3 Rd5 29. b4 Kf7 30. g4 Ke7 31. gxf5 gxf5 32. Rg1 Kf7 33. Rg5 Rd6
34. Rg1 Rh6 35. Rg2 Rh3+ 36. Kd4 Rxa3 37. Rg5 Ra2 38. h4 h6 39. Rg3 Rb2 40. h5
Rxb4+ 41. Ke5 Rc4 42. Nb3 b4 43. Rg6 e3 44. Nd4 e2 45. Rg1 b3 46. Kd5 Rb4 47.
Nxe2 b2 48. Rb1 Be6+ 49. Kc5 Rb5+ 50. Kc6 Ba2 0-1

[Event "Solingen"]
[Site "IX. Karnevals-Open"]
[Date "2018.02.10"]
[Round "2.34"]
[White "Klugstedt, Vincent"]
[Black "Schneider, Ferdinand"]
[Result "1-0"]
[WhiteElo "1684"]
[BlackElo "1116"]
[PlyCount "61"]
[EventDate "2018.??.??"]
[WhiteTeam "TV Borken"]
[BlackTeam "SF Vonkeln"]

1. d4 d5 2. c4 e6 3. Nc3 Nf6 4. Nf3 Nbd7 5. Bf4 Be7 6. Qb3 c6 7. e3 O-O 8. Bd3
b6 9. cxd5 cxd5 10. Nb5 Bb7 11. Rc1 a6 12. Nd6 Bxd6 13. Bxd6 Re8 14. Bc7 Qc8
15. O-O b5 16. Ba5 Qb8 17. Rc7 Rc8 18. Rfc1 Rxc7 19. Rxc7 Nf8 20. Ne5 Ng6 21.
Nxf7 Ra7 22. Nd6 Nf8 23. Qc2 N8d7 24. Nxb7 Rxb7 25. Rc8+ Kf7 26. Rxb8 Rxb8 27.
Qc6 Re8 28. Qxa6 h6 29. Bxb5 g6 30. Qb7 g5 31. Bxd7 1-0

[Event "Solingen"]
[Site "IX. Karnevals-Open"]
[Date "2018.02.10"]
[Round "2.35"]
[White "Albrecht, Philipp"]
[Black "Büttgenbach, Uwe-Eugen"]
[Result "1/2-1/2"]
[WhiteElo "1021"]
[BlackElo "1666"]
[PlyCount "144"]
[EventDate "2018.??.??"]
[WhiteTeam "SF Brett vor'm Kopp Duisburg"]
[BlackTeam "Ronsdorfer SV"]

1. d4 Nf6 2. Nf3 e6 3. Bf4 c5 4. e3 a6 5. c3 Nc6 6. Nbd2 cxd4 7. Nxd4 Qb6 8.
Nc4 Qd8 9. Nxc6 bxc6 10. Nd6+ Bxd6 11. Qxd6 Nd5 12. Be5 f6 13. Bd4 Kf7 14. e4
Nc7 15. e5 Ne8 16. Qc5 f5 17. h4 Rb8 18. b4 Nc7 19. Bc4 Nd5 20. Bxd5 cxd5 21.
Qa7 Bb7 22. Qb6 Qc8 23. O-O Bc6 24. Qc5 Qd8 25. Be3 Qxh4 26. Qd4 Qh5 27. g4
Qxg4+ 28. Qxg4 fxg4 29. Bc5 h5 30. a4 h4 31. Kh2 g5 32. Rg1 g3+ 33. Kh3 Rbg8
34. fxg3 g4+ 35. Kg2 d4+ 36. Kh2 hxg3+ 37. Kxg3 Rh3+ 38. Kf2 Rf3+ 39. Ke2 dxc3
40. Ra3 g3 41. Bd4 Rh8 42. Rxc3 Rh2+ 43. Ke1 Rxc3 44. Bxc3 Rh1 45. Kf1 Kg6 46.
Rxh1 Bxh1 47. Ke2 Kf5 48. Kd3 Bc6 49. a5 Kg4 50. Ke2 Kf4 51. Be1 Bf3+ 52. Kf1
Kg4 53. Kg1 Kh3 54. Bc3 g2 55. Bd4 Kg3 56. Bf2+ Kf4 57. Bd4 Ke4 58. Bc3 Kd5 59.
Be1 Kxe5 60. Bg3+ Kd5 61. Kf2 Kc4 62. Bd6 Kd5 63. Bc5 d6 64. Bb6 e5 65. Kxf3
Kc4 66. Kxg2 Kxb4 67. Kf3 d5 68. Bc7 e4+ 69. Ke3 Kc4 70. Be5 Kb5 71. Bc7 Kc4
72. Be5 Kb5 1/2-1/2

[Event "Solingen"]
[Site "IX. Karnevals-Open"]
[Date "2018.02.10"]
[Round "2.36"]
[White "Reinacher, Detlev"]
[Black "Scheidtmann, Kian"]
[Result "1-0"]
[WhiteElo "1661"]
[BlackElo "918"]
[PlyCount "143"]
[EventDate "2018.??.??"]
[WhiteTeam "SC Hansa Dortmund"]
[BlackTeam "SG Solingen"]

1. e4 e5 2. d3 Nc6 3. g3 d6 4. Bg2 Nf6 5. Nf3 h6 6. O-O Bg4 7. Nbd2 Nd4 8. c3
Ne6 9. Qc2 Be7 10. a3 c6 11. b4 O-O 12. Bb2 d5 13. Nxe5 Bh5 14. exd5 cxd5 15.
c4 Rc8 16. c5 d4 17. Bxb7 Rc7 18. Bg2 Nd7 19. Ndf3 Nxe5 20. Nxe5 f6 21. Nf3 Bg6
22. Qc4 Bf7 23. Qc2 Rc8 24. Rfe1 Bd6 25. Re2 Bb8 26. Rae1 Re8 27. Qc4 Nc7 28.
Rxe8+ Nxe8 29. Qxd4 Qxd4 30. Nxd4 Be5 31. Ba1 Rd8 32. Nc6 Rxd3 33. Bxe5 fxe5
34. Nxe5 Rxa3 35. Nxf7 Kxf7 36. Bd5+ Kf8 37. Re3 Ra1+ 38. Kg2 Rb1 39. Bc6 Nc7
40. Ra3 a6 41. Ra4 Rb2 42. h4 Rb3 43. h5 Kf7 44. g4 Kf6 45. f3 Rb2+ 46. Kg3 Kg5
47. Bd7 Rd2 48. c6 Rd3 49. Ra5+ Kf6 50. Bc8 Rd6 51. Bxa6 Rxc6 52. Be2 Rb6 53.
Rf5+ Ke7 54. b5 Ne6 55. Bc4 Nd4 56. Re5+ Kf6 57. f4 Nc2 58. Rf5+ Ke7 59. Rf7+
Ke8 60. Rxg7 Kf8 61. Rg6 Rxg6 62. hxg6 Kg7 63. f5 Ne3 64. b6 Nxc4 65. b7 Nd6
66. b8=Q Ne4+ 67. Kf4 Nf6 68. Qc7+ Kg8 69. Qf7+ Kh8 70. Qxf6+ Kg8 71. Qf7+ Kh8
72. Qh7# 1-0

[Event "Solingen"]
[Site "IX. Karnevals-Open"]
[Date "2018.02.10"]
[Round "2.37"]
[White "Görke, Joachim"]
[Black "Coenen, Siegfried"]
[Result "1-0"]
[WhiteElo "2122"]
[BlackElo "1921"]
[PlyCount "121"]
[EventDate "2018.??.??"]
[WhiteTeam "SG Solingen"]
[BlackTeam "SG Hochneukirch"]

1. d4 d5 2. Nf3 Nf6 3. Bf4 e6 4. e3 Bd6 5. Bg3 O-O 6. Bd3 Re8 7. Nbd2 Nbd7 8.
Ne5 Nf8 9. c3 g6 10. Bh4 Be7 11. g4 N6d7 12. Bg3 f6 13. Nef3 Bd6 14. Bxd6 cxd6
15. Qb3 Nb6 16. a4 a5 17. O-O-O e5 18. Rdg1 Be6 19. Bb5 Re7 20. g5 f5 21. h4 e4
22. Ne1 Bf7 23. Ng2 Ne6 24. Nf1 Rc8 25. Nf4 Nxf4 26. exf4 Nc4 27. Ne3 Kg7 28.
Rg3 Qg8 29. h5 Nxe3 30. fxe3 gxh5 31. Be2 Qe8 32. Rgh3 Rc4 33. Bxc4 dxc4 34.
Qb6 Qxa4 35. Qxd6 Qa1+ 36. Kc2 Qa4+ 37. Kd2 Re6 38. Qa3 Qb5 39. Ra1 b6 40. Kc2
Qd5 41. b4 cxb3+ 42. Qxb3 Qd7 43. Qa4 Rc6 44. Kd2 Qd5 45. Rb1 Be8 46. Qb3 Qd8
47. Rhh1 Qc8 48. Rhc1 Bf7 49. Qb5 Bc4 50. Qa4 Qe6 51. Rh1 Kg6 52. Qd1 Kg7 53.
Qxh5 Qg6 54. Qd1 Qf7 55. Qa4 Qd5 56. Rh2 b5 57. Qxa5 Qf7 58. Rbh1 h6 59. Rxh6
Rxh6 60. Rxh6 Bf1 61. Qa8 1-0

[Event "Solingen"]
[Site "IX. Karnevals-Open"]
[Date "2018.02.10"]
[Round "3.1"]
[White "Naundorf, Maik"]
[Black "Wegerle, Jörg"]
[Result "1/2-1/2"]
[WhiteElo "2160"]
[BlackElo "2420"]
[PlyCount "49"]
[EventDate "2018.??.??"]
[WhiteTeam "Elberfelder SG"]
[BlackTeam "SG Solingen"]

1. c4 Nf6 2. g3 c6 3. Bg2 d5 4. Nf3 Bg4 5. Ne5 Be6 6. cxd5 Bxd5 7. Nf3 e5 8.
Nc3 Bxf3 9. Bxf3 Nbd7 10. Rb1 a5 11. a3 Bd6 12. b4 axb4 13. axb4 Qe7 14. b5 e4
15. Bg2 O-O 16. O-O Nc5 17. Qc2 Rfe8 18. f3 Rac8 19. bxc6 bxc6 20. Nxe4 Ncxe4
21. fxe4 Nxe4 22. Bxe4 Qxe4 23. Qxe4 Rxe4 24. e3 f6 25. Rb3 1/2-1/2

[Event "Solingen"]
[Site "IX. Karnevals-Open"]
[Date "2018.02.10"]
[Round "3.2"]
[White "Görke, Joachim"]
[Black "Michalczak, Thomas"]
[Result "0-1"]
[WhiteElo "2122"]
[BlackElo "2283"]
[PlyCount "44"]
[EventDate "2018.??.??"]
[WhiteTeam "SG Solingen"]
[BlackTeam "SG Solingen"]

1. b3 d5 2. f4 Qd6 3. e3 e5 4. fxe5 Qxe5 5. Nc3 Nf6 6. Nf3 Qh5 7. Nb5 Na6 8.
Bb2 Ne4 9. Be5 c6 10. Nc7+ Nxc7 11. Bxc7 Bg4 12. h3 Bb4 13. c3 Be7 14. Rh2 Bh4+
15. Ke2 Bxf3+ 16. gxf3 Rc8 17. Bf4 g5 18. Be5 f6 19. d3 fxe5 20. dxe4 dxe4 21.
Bg2 O-O 22. Qf1 Rcd8 0-1

[Event "Solingen"]
[Site "IX. Karnevals-Open"]
[Date "2018.02.10"]
[Round "3.3"]
[White "Marcziter, Dr. Dmitrii"]
[Black "Gula, Julian"]
[Result "1-0"]
[WhiteElo "2277"]
[BlackElo "2101"]
[PlyCount "111"]
[EventDate "2018.??.??"]
[WhiteTeam "DJK Aufwärts Aachen"]
[BlackTeam "SF Düsseldorf-Süd"]

1. d4 Nf6 2. c4 e6 3. Nf3 Bb4+ 4. Nbd2 O-O 5. a3 Be7 6. e4 d6 7. Qc2 Nc6 8. b4
a5 9. b5 Nb8 10. e5 Nfd7 11. h4 dxe5 12. dxe5 f5 13. exf6 Nxf6 14. Bb2 e5 15.
Bd3 Bg4 16. Ng5 h6 17. Bh7+ Kh8 18. Bf5 Bxf5 19. Qxf5 Qd7 20. Qc2 Qg4 21. Nde4
Nxe4 22. Qxe4 Qxe4+ 23. Nxe4 Rf4 24. f3 Nd7 25. Rd1 Rd8 26. Ke2 Nf6 27. Rxd8+
Bxd8 28. Bxe5 Rf5 29. Bh2 Nxe4 30. fxe4 Rc5 31. Kd3 Bf6 32. Bf4 c6 33. e5 Be7
34. b6 a4 35. Re1 Ra5 36. e6 Ra8 37. Bc1 Bxh4 38. Re4 Bf6 39. c5 Kg8 40. Bf4
Kf8 41. Bd6+ Ke8 42. Rf4 Ra5 43. g4 Ra6 44. Ke4 Ra5 45. Kf5 Be7 46. Kg6 Bxd6
47. cxd6 Rd5 48. Kxg7 Rxd6 49. Kf6 Rd3 50. Rxa4 Rf3+ 51. Ke5 Ke7 52. Ra7 Re3+
53. Kf5 Rxe6 54. Rxb7+ Kd6 55. Rb8 Re3 56. Rd8+ 1-0